00924nam a2200205 i 4500001000700000003000900007005001700016007000300033008004100036110009700077245017800174260005200352300003500404600005100439650001900490650004600509852002200555999001900577952012200596142080ES-MaACL20251012202121.0t|071002s1971 sp a |||| | spa d2 aSociedad Española de Bioquímica. bCongreso Nacional n(5º. d1971.cBarcelona)917094010aVirus y cáncer b: homenaje a F. Durán-Reynals : V Congreso Nacional de la Sociedad Española de Bioquímica, Barcelona 1971 / ceditado por W.M. Stanley ... [et al.]. a[Barcelona : bs.n.], c1971 (f: Imp. Socitra) aXIV, 452 p. : bil. ; c25 cm.17aDuran Reynals, Francesc, d1899-195829170941 4aVirus.9147553 4aCáncer-vCongresos y asambleas.9166438 aES-MaACLjC-43118 c142080d142080 00104070aATENEOMbATENEOMcDEPO2d2008-01-17eSCl0oC-43118p1147834r2023-02-23 00:00:00w2023-02-23yMONOGRAFIA